Online
Catalog

Descripción de la parte española de Santo Domingo / (Record no. 30297)

MARC details
000 -CABECERA
campo de control de longitud fija 01188nam a2200265 a 4500
001 - NÚMERO DE CONTROL
campo de control 000030805
003 - IDENTIFICADOR DEL NÚMERO DE CONTROL
campo de control OSt
005 - FECHA Y HORA DE LA ÚLTIMA TRANSACCIÓN
campo de control 20201022091801.0
008 - DATOS DE LONGITUD FIJA--INFORMACIÓN GENERAL
campo de control de longitud fija 091012s1944 dr 000 0 spa d
040 ## - FUENTE DE LA CATALOGACIÓN
Centro catalogador/agencia de origen DO-SdBNP
Lengua de catalogación spa
Centro/agencia transcriptor BNPHU
082 ## - NÚMERO DE LA CLASIFICACIÓN DECIMAL DEWEY
Número de clasificación 917.293
Número de documento/Ítem M837d
100 1# - ENTRADA PRINCIPAL--NOMBRE DE PERSONA
Nombre de persona Moreau de Saint-Méry, M. L.
Fechas asociadas al nombre 1750-
9 (RLIN) 26131
245 10 - MENCIÓN DE TÍTULO
Título Descripción de la parte española de Santo Domingo /
Mención de responsabilidad, etc. M. L. Moreau de Saint-Méry ; traducción C. Armando Rodríguez.
260 ## - PUBLICACIÓN, DISTRIBUCIÓN, ETC.
Lugar de publicación, distribución, etc. Santo Domingo :
Nombre del editor, distribuidor, etc. Editora Montalvo,
Fecha de publicación, distribución, etc. 1944.
300 ## - DESCRIPCIÓN FÍSICA
Extensión xv, 491 p. ;
Dimensiones 23 cm.
504 ## - NOTA DE BIBLIOGRAFÍA, ETC.
Nota de bibliografía, etc. Incluye referencias bibliográficas y notas al pie de las páginas
533 ## - NOTA DE REPRODUCCIÓN
Tipo de reproducción Facsímile
Lugar de la reproducción Philadelphie,
Institución responsable de la reproducción Imprimé & fe trouve chez l'auteur, imprimeur-libraire
Fecha de la reproducción 1796
Descripción física de la reproducción 21 cm
Nota sobre la reproducción .Mapa: Carte de l'isle St. Domingue
534 ## - NOTA SOBRE LA VERSIÓN ORIGINAL
Frase introductoria Titulo original en francés
Mención de título del original Description Topographique et politeque de la partie espagnole de L isle Saint-Domingue
590 ## - NOTA LOCAL (RLIN)
Nota local Inventariado, 2020 / DG
651 #4 - PUNTO DE ACCESO ADICIONAL DE MATERIA--NOMBRE GEOGRÁFICO
Nombre geográfico República Dominicana
Subdivisión general Descripciones Y Viajes
9 (RLIN) 1651
651 #4 - PUNTO DE ACCESO ADICIONAL DE MATERIA--NOMBRE GEOGRÁFICO
Nombre geográfico República Dominicana
Subdivisión general Historia
Subdivisión cronológica HASTA 1791
9 (RLIN) 26132
700 1# - PUNTO DE ACCESO ADICIONAL--NOMBRE DE PERSONA
Nombre de persona Rodríguez, C. Armando
Término indicativo de función/relación tr.
9 (RLIN) 26133
910 ## - DATOS DE OPCIÓN DEL USUARIO (OCLC)
Datos de opción del usuario Inventariado, 2020 / DG
942 ## - ELEMENTOS DE PUNTO DE ACCESO ADICIONAL (KOHA)
Fuente del sistema de clasificación o colocación Dewey Decimal Classification
Tipo de ítem Koha Libro
Holdings
Estado de retiro Estado de pérdida Fuente del sistema de clasificación o colocación No para préstamo Código de colección Localización permanente Ubicación/localización actual Ubicación en estantería Fecha de adquisición Fuente de adquisición Número de inventario Total de préstamos Signatura topográfica completa Código de barras Fecha visto por última vez Precio válido a partir de Tipo de ítem Koha Número de copia
    Dewey Decimal Classification Préstamo restrigido   Biblioteca Nacional Pedro Henríquez Ureña Biblioteca Nacional Pedro Henríquez Ureña En catalogación 08.05.2013 Donado por la Familia Reyes Duluc     917.293 M837d   22.10.2020 22.10.2020 Libro e. 2
    Dewey Decimal Classification Excluido de préstamo Patrimonio Dominicano Patrimonio Dominicano Patrimonio Dominicano En catalogación 30.05.2011 Donaci[on LF1   917.293 M837d 30805-10 25.06.2020 25.06.2020 Libro y Folleto Colección Patrimonio Dominicano  

Powered by Koha